Central Library OPAC University of Rajshahi

The integral philosophy of Sri Aurobindo : (Record no. 30779)

MARC details
000 -LEADER
fixed length control field 00954cam a22002651 4500
001 - CONTROL NUMBER
control field 30779
003 - CONTROL NUMBER IDENTIFIER
rucl marc code BD-RjUL
005 - DATE AND TIME OF LATEST TRANSACTION
control field 20211209051621.0
008 - FIXED-LENGTH DATA ELEMENTS--GENERAL INFORMATION
fixed length control field 140412s1960 enkc b 000 0 eng
035 ## - SYSTEM CONTROL NUMBER
System control number (BD-RjUL)30866
System control number (OCoLC)368857
040 ## - CATALOGING SOURCE
Original cataloging agency DLC
Transcribing agency ODaWU
Modifying agency OCoLC
-- Uk
-- DLC
-- BD-RjUL
Language of cataloging eng
041 ## - LANGUAGE CODE
Language code of text/sound track or separate title eng
082 ## - DEWEY DECIMAL CLASSIFICATION NUMBER
Classification number 181.4
Author mark and year INT 1960
245 14 - TITLE STATEMENT
Title The integral philosophy of Sri Aurobindo :
Remainder of title a commemorative symposium /
Statement of responsibility, etc. edited by Haridas Chaudhuri [and] Frederic Spiegelberg.
260 ## - PUBLICATION, DISTRIBUTION, ETC. (IMPRINT)
Place of publication, distribution, etc. London :
Name of publisher, distributor, etc. Allen & Unwin,
Date of publication, distribution, etc. c1960.
300 ## - PHYSICAL DESCRIPTION
Pagination 350 p. :
Illustrations port. ;
Size 23 cm.
504 ## - BIBLIOGRAPHY, ETC. NOTE
Bibliography, etc Bibliographical footnotes. "A complete list of all the books published in English by Sri Aurobindo": p. 348-350.
600 10 - SUBJECT ADDED ENTRY--PERSONAL NAME
Personal name Ghose, Aurobindo,
Dates associated with a name 1872-1950.
700 1# - ADDED ENTRY--PERSONAL NAME
Personal name Chaudhuri, Haridas,
Relator term ed.
Personal name Spiegelberg, Frederic,
Dates associated with a name 1897-
Relator term joint ed.
942 ## - ADDED ENTRY ELEMENTS (KOHA)
Source of classification or shelving scheme Dewey Decimal Classification
Koha item type Books
Holdings
Lost status Source of classification or shelving scheme Damaged status Not for loan Collection code Permanent Location Current Location Shelving location Date acquired Source of acquisition Cost, normal purchase price Total Checkouts Full call number Date last seen Copy number Koha item type
  Dewey Decimal Classification   Not For Loan Non-fiction Central Library, University of Rajshahi Central Library, University of Rajshahi Reading Room 13/03/1963 Zitlinger 42.00   181.4 INT 1960 12/04/2014 C-1 Books
  Dewey Decimal Classification     Non-fiction Central Library, University of Rajshahi Central Library, University of Rajshahi   02/12/1965 Zeitlinger 50.00   181.4 INT 1960 05/12/2016 C-2 Books